[Event "Tradewise Gibraltar 2012 - Challenger B"]
[Site "Gibraltar ENG"]
[Date "2012.01.29"]
[Round "2.38"]
[White "Bishop, Geoffrey L"]
[Black "Hamer, Martyn"]
[Result "1-0"]
[WhiteElo "1811"]
[BlackElo "2010"]
[PlyCount "81"]
[EventDate "2012.01.28"]
[EventType "swiss"]
[EventRounds "5"]
[EventCountry "ENG"]
[Source "lmi"]
[SourceDate "2012.01.28"]

1. e4 Nf6 2. e5 Nd5 3. d4 d6 4. Nf3 dxe5 5. Nxe5 c6 6. Be2 Nd7 7. Nxd7 Bxd7 8.
O-O g6 9. c4 Nf6 10. Nc3 Bg7 11. Be3 O-O 12. Qd2 Be6 13. h3 Re8 14. Rac1 Qa5
15. b4 Qd8 16. Rfd1 a6 17. d5 cxd5 18. cxd5 Bd7 19. Bf3 Rc8 20. a4 Rf8 21. a5
Rc4 22. Bc5 Ne8 23. Ne4 Rxc1 24. Rxc1 Bc8 25. Bb6 Qd7 26. Bg4 f5 27. Nc5 Qd6
28. Bf3 e5 29. Nxa6 bxa6 30. Rxc8 Qd7 31. Rd8 Qa4 32. Bd1 Qa1 33. Kh2 Nf6 34.
Rxf8+ Bxf8 35. d6 Nd7 36. Bb3+ Kg7 37. Qd5 Qc1 38. Qf7+ Kh6 39. g3 f4 40. gxf4
Bxd6 41. Be3 1-0

[Event "Tradewise Gibraltar 2012 - Challenger B"]
[Site "Gibraltar ENG"]
[Date "2012.01.30"]
[Round "3.1"]
[White "Vinas Guerrero, Carlos A"]
[Black "Barrenechea Bahamonde, Gustavo"]
[Result "0-1"]
[WhiteElo "2160"]
[BlackElo "2228"]
[PlyCount "68"]
[EventDate "2012.01.28"]
[EventType "swiss"]
[EventRounds "5"]
[EventCountry "ENG"]
[Source "lmi"]
[SourceDate "2012.01.28"]

1. e4 g6 2. d4 Bg7 3. Nc3 c5 4. d5 d6 5. f4 f5 6. exf5 Bxf5 7. Bd3 Qc8 8. Nf3
Nh6 9. Ng5 Na6 10. O-O Nc7 11. Re1 Ng4 12. Nb5 O-O 13. c3 Nxb5 14. Bxb5 c4 15.
Ne4 Bxe4 16. Rxe4 Qc5+ 17. Rd4 Bxd4+ 18. cxd4 Qxb5 19. Qxg4 Rf5 20. Qe2 Qxd5
21. Qxe7 Rf7 22. Qe3 Rff8 23. Bd2 Rae8 24. Qf2 Re4 25. Re1 Qxd4 26. Rxe4 Qxe4
27. h3 b6 28. Kh2 d5 29. a3 d4 30. h4 a5 31. a4 Rf5 32. Bc1 b5 33. Qf1 d3 34.
axb5 Qe6 0-1

[Event "Tradewise Gibraltar 2012 - Challenger B"]
[Site "Gibraltar ENG"]
[Date "2012.01.30"]
[Round "3.2"]
[White "Jaunooby, Ali R"]
[Black "Spence, David J"]
[Result "1-0"]
[WhiteElo "2146"]
[BlackElo "2213"]
[PlyCount "73"]
[EventDate "2012.01.28"]
[EventType "swiss"]
[EventRounds "5"]
[EventCountry "ENG"]
[Source "lmi"]
[SourceDate "2012.01.28"]

1. d4 e6 2. Nf3 Nf6 3. Bg5 c5 4. e3 cxd4 5. exd4 Be7 6. Nbd2 b6 7. Bd3 Bb7 8.
Qe2 d6 9. O-O Nbd7 10. a4 a6 11. Rfe1 h6 12. Bh4 O-O 13. c4 Re8 14. a5 Ra7 15.
Bc2 b5 16. b3 bxc4 17. bxc4 Qa8 18. Qd3 Nf8 19. d5 exd5 20. Nd4 dxc4 21. Qh3
Bc8 22. Bf5 Bxf5 23. Nxf5 d5 24. Rxe7 Raxe7 25. Bxf6 Re1+ 26. Nf1 Rxa1 27.
Nxh6+ Kh7 28. Nf5+ Kg8 29. Bxa1 Ng6 30. Bxg7 Qb8 31. g3 Qb1 32. Bf6 Re1 33.
Nh6+ Kh7 34. Nxf7+ Kg8 35. Ng5 Rxf1+ 36. Qxf1 Qf5 37. Qa1 1-0

[Event "Tradewise Gibraltar 2012 - Challenger B"]
[Site "Gibraltar ENG"]
[Date "2012.01.30"]
[Round "3.3"]
[White "Urbina Perez, Juan Antonio"]
[Black "Allor, Chukwuka"]
[Result "1/2-1/2"]
[WhiteElo "2210"]
[BlackElo "2145"]
[PlyCount "59"]
[EventDate "2012.01.28"]
[EventType "swiss"]
[EventRounds "5"]
[EventCountry "ENG"]
[Source "lmi"]
[SourceDate "2012.01.28"]

1. e4 c5 2. Nf3 d6 3. Bb5+ Nd7 4. d4 cxd4 5. Qxd4 a6 6. Bxd7+ Bxd7 7. Nc3 e5 8.
Qd3 h6 9. O-O Rc8 10. a4 Nf6 11. Be3 Qc7 12. a5 Be7 13. Bb6 Qc6 14. Rac1 Be6
15. Rfd1 Nd7 16. Be3 Nc5 17. Bxc5 Qxc5 18. Nd5 Bd8 19. b4 Qc4 20. c3 Qxd3 21.
Rxd3 g6 22. Ne3 Be7 23. Nd5 Bd8 24. Ne3 Be7 25. Nd5 Bd8 26. Ne3 Rc6 27. Rcd1
Ke7 28. Nd5+ Kf8 29. Nd2 Kg7 30. f3 1/2-1/2

[Event "Tradewise Gibraltar 2012 - Challenger B"]
[Site "Gibraltar ENG"]
[Date "2012.01.30"]
[Round "3.4"]
[White "Hagen, Anders Gjerdrum"]
[Black "Zygouris, Hristos"]
[Result "1-0"]
[WhiteElo "2139"]
[BlackElo "2205"]
[PlyCount "77"]
[EventDate "2012.01.28"]
[EventType "swiss"]
[EventRounds "5"]
[EventCountry "ENG"]
[Source "lmi"]
[SourceDate "2012.01.28"]

1. d4 d5 2. c4 e6 3. Nc3 Be7 4. cxd5 exd5 5. Bf4 c6 6. e3 Bf5 7. Nge2 Nd7 8.
Ng3 Bg6 9. Be2 Ngf6 10. h4 h6 11. h5 Bh7 12. Bd3 O-O 13. Nf5 Ne4 14. Qg4 Bg5
15. Bxe4 dxe4 16. Bxg5 Qxg5 17. Nxh6+ gxh6 18. Qxd7 Qxg2 19. Rf1 Qf3 20. Qd6
Qxh5 21. Kd2 Rad8 22. Qf6 Bg6 23. Rg1 c5 24. Rg3 cxd4 25. exd4 Kh7 26. Nxe4
Qa5+ 27. Ke3 Rde8 28. f3 Qc7 29. Rh3 h5 30. Rah1 Kg8 31. Rxh5 Rxe4+ 32. fxe4
Bxh5 33. Qg5+ Bg6 34. Qh4 f6 35. Qh8+ Kf7 36. Rh7+ Ke6 37. d5+ Ke5 38. Re7+ Kd6
39. Qh2+ 1-0

[Event "Tradewise Gibraltar 2012 - Challenger B"]
[Site "Gibraltar ENG"]
[Date "2012.01.30"]
[Round "3.5"]
[White "Diaz Velandia, Jose Manuel"]
[Black "Agrest, Inna"]
[Result "1-0"]
[WhiteElo "2136"]
[BlackElo "2189"]
[PlyCount "67"]
[EventDate "2012.01.28"]
[EventType "swiss"]
[EventRounds "5"]
[EventCountry "ENG"]
[Source "lmi"]
[SourceDate "2012.01.28"]

1. d4 Nf6 2. Nf3 g6 3. Bf4 Bg7 4. h3 d6 5. e3 O-O 6. Nbd2 Re8 7. Be2 Nc6 8. Bh2
a6 9. O-O Bd7 10. c4 e5 11. d5 Ne7 12. e4 Nh5 13. Re1 Nf4 14. Bf1 f5 15. Bxf4
exf4 16. e5 dxe5 17. Nxe5 b5 18. Ndf3 h6 19. c5 c6 20. d6 Nd5 21. Nxg6 Rxe1 22.
Qxe1 Qf6 23. Nge5 Be8 24. Qd2 Kh8 25. a4 Rb8 26. axb5 axb5 27. Ra6 Qe6 28. Nxc6
Bxc6 29. Rxc6 Bf6 30. Ra6 Rg8 31. Ra1 Bg7 32. Bxb5 Qg6 33. Qxd5 Bxb2 34. Ne5
1-0

[Event "Tradewise Gibraltar 2012 - Challenger B"]
[Site "Gibraltar ENG"]
[Date "2012.01.30"]
[Round "3.6"]
[White "Buchkremer, Felix Dr"]
[Black "Rodriguez Boado, Martin"]
[Result "1-0"]
[WhiteElo "2080"]
[BlackElo "2164"]
[PlyCount "73"]
[EventDate "2012.01.28"]
[EventType "swiss"]
[EventRounds "5"]
[EventCountry "ENG"]
[Source "lmi"]
[SourceDate "2012.01.28"]

1. e4 Nf6 2. e5 Nd5 3. c4 Nb6 4. b3 d6 5. exd6 exd6 6. Bb2 d5 7. Nf3 Nc6 8. Be2
Be6 9. d3 Be7 10. O-O Bf6 11. Nc3 Qe7 12. a4 a5 13. Ba3 Nb4 14. Rc1 Rd8 15. c5
d4 16. Nb5 N6d5 17. Nbxd4 Na2 18. Rc2 Ndc3 19. Qd2 Rxd4 20. Rxc3 Rxa4 21. bxa4
Bxc3 22. Qe3 O-O 23. d4 Qd7 24. c6 Qxc6 25. Bb5 Qd5 26. Bxf8 Kxf8 27. Bd3 h6
28. Be4 Qb3 29. d5 Bd7 30. Qc5+ Ke8 31. Qxc7 f5 32. Bb1 Nb4 33. Ne5 Bxa4 34.
Qc8+ Ke7 35. Qe6+ Kd8 36. Qd6+ Ke8 37. Bxf5 1-0

[Event "Tradewise Gibraltar 2012 - Challenger B"]
[Site "Gibraltar ENG"]
[Date "2012.01.30"]
[Round "3.7"]
[White "Byron, Alan M"]
[Black "Lam, Daniel King-Wai"]
[Result "1/2-1/2"]
[WhiteElo "2241"]
[BlackElo "2022"]
[PlyCount "67"]
[EventDate "2012.01.28"]
[EventType "swiss"]
[EventRounds "5"]
[EventCountry "ENG"]
[Source "lmi"]
[SourceDate "2012.01.28"]

1. e4 c5 2. Nf3 d6 3. Nc3 Nc6 4. d4 cxd4 5. Nxd4 Nf6 6. Be2 e5 7. Nb3 Be6 8.
Be3 Be7 9. O-O O-O 10. Qd2 d5 11. exd5 Nxd5 12. Nxd5 Qxd5 13. Rad1 Qxd2 14.
Rxd2 Rfd8 15. Rfd1 Rxd2 16. Rxd2 b6 17. c3 Rd8 18. Bf3 Rxd2 19. Bxd2 Nb8 20.
Nc1 Nd7 21. Kf1 f5 22. Bd1 Nc5 23. f3 Kf7 24. Be3 Bc4+ 25. Be2 Bxe2+ 26. Nxe2
Nd3 27. b3 g5 28. Nc1 Nc5 29. Bxc5 Bxc5 30. Ke2 Ke6 31. Kd3 h5 32. h3 a6 33. b4
Be7 34. a3 1/2-1/2

[Event "Tradewise Gibraltar 2012 - Challenger B"]
[Site "Gibraltar ENG"]
[Date "2012.01.30"]
[Round "3.8"]
[White "Vea, Odin Blikra"]
[Black "Ranaivoharisoa, Alain"]
[Result "0-1"]
[WhiteElo "2233"]
[BlackElo "2135"]
[PlyCount "72"]
[EventDate "2012.01.28"]
[EventType "swiss"]
[EventRounds "5"]
[EventCountry "ENG"]
[Source "lmi"]
[SourceDate "2012.01.28"]

1. e4 c5 2. a3 Nc6 3. b4 e5 4. b5 Nd4 5. c3 Ne6 6. Nf3 d5 7. exd5 Qxd5 8. c4
Qd6 9. Nc3 Nd4 10. Nxd4 exd4 11. Nd5 Be6 12. Be2 d3 13. Bxd3 Qe5+ 14. Qe2 Qxa1
15. O-O Bd6 16. Nc3 O-O-O 17. b6 a6 18. Qd1 Bxh2+ 19. Kxh2 Rxd3 20. Qh5 Nf6 21.
Qxc5+ Kb8 22. Kg1 Rc8 23. Qe5+ Ka8 24. c5 Nd5 25. c6 Rxc6 26. Qe4 Rdxc3 27.
dxc3 Qxc3 28. Qxh7 Rxb6 29. Bg5 Rb2 30. Rc1 Qd4 31. Bh4 Nf4 32. Kh2 Qe5 33.
Qg8+ Ka7 34. Qd8 Ne2+ 35. Kh1 Nxc1 36. Bg5 Rxf2 0-1

[Event "Tradewise Gibraltar 2012 - Challenger B"]
[Site "Gibraltar ENG"]
[Date "2012.01.30"]
[Round "3.9"]
[White "Ungureanu, Sandu"]
[Black "Pettersson, Anders"]
[Result "0-1"]
[WhiteElo "2039"]
[BlackElo "2219"]
[PlyCount "118"]
[EventDate "2012.01.28"]
[EventType "swiss"]
[EventRounds "5"]
[EventCountry "ENG"]
[Source "lmi"]
[SourceDate "2012.01.28"]

1. e4 c5 2. Nf3 Nc6 3. d4 cxd4 4. Nxd4 g6 5. c4 Nf6 6. Nc3 d6 7. Be2 Nxd4 8.
Qxd4 Bg7 9. Be3 O-O 10. Qd2 Be6 11. Rc1 Qa5 12. f3 Rfc8 13. Nd5 Qxd2+ 14. Kxd2
Kf8 15. Nxf6 Bxf6 16. b4 a5 17. b5 Bb2 18. Rc2 Ba3 19. Rb1 Bc5 20. g4 Bxe3+ 21.
Kxe3 b6 22. h4 Rc5 23. f4 Rac8 24. Rbc1 f6 25. g5 Kg7 26. Kd4 Rf8 27. Rf1 Bh3
28. Rh1 Bd7 29. gxf6+ Rxf6 30. Ke3 e5 31. fxe5 dxe5 32. Rd2 Be6 33. h5 Bxc4 34.
h6+ Kg8 35. Rc1 Bxe2 36. Rxc5 bxc5 37. Kxe2 g5 38. Rd5 Rxh6 39. Rxe5 Rh2+ 40.
Kf3 h6 41. a4 Ra2 42. Rxc5 Rxa4 43. Rc8+ Kg7 44. Rc7+ Kg6 45. Rc6+ Kh5 46. b6
Rb4 47. e5 g4+ 48. Kg3 Kg5 49. e6 Kf6 50. Rc5 a4 51. Rh5 Kxe6 52. Rxh6+ Kd7 53.
b7 Kc7 54. Rh7+ Kb8 55. Re7 a3 56. Re8+ Kxb7 57. Re7+ Kb6 58. Re6+ Kb5 59. Re5+
Ka4 0-1

[Event "Tradewise Gibraltar 2012 - Challenger B"]
[Site "Gibraltar ENG"]
[Date "2012.01.30"]
[Round "3.10"]
[White "Tscharotschkin, Michael"]
[Black "Heaton, Paul"]
[Result "1-0"]
[WhiteElo "2195"]
[BlackElo "1998"]
[PlyCount "65"]
[EventDate "2012.01.28"]
[EventType "swiss"]
[EventRounds "5"]
[EventCountry "ENG"]
[Source "lmi"]
[SourceDate "2012.01.28"]

1. e4 c5 2. c3 Nf6 3. e5 Nd5 4. d4 cxd4 5. cxd4 d6 6. Nf3 Nc6 7. Bc4 e6 8. O-O
Be7 9. Nbd2 O-O 10. Ne4 Nb6 11. Bd3 dxe5 12. dxe5 Nb4 13. Bb1 Qxd1 14. Rxd1 Bd7
15. Bd2 Bc6 16. a3 N4d5 17. Nd4 Rac8 18. Ba2 Ba4 19. Rdc1 Bd7 20. b4 Rxc1+ 21.
Rxc1 Rc8 22. Rxc8+ Nxc8 23. f4 b6 24. Bxd5 exd5 25. Nc3 a5 26. Nxd5 axb4 27.
Bxb4 Bd8 28. f5 Na7 29. e6 fxe6 30. fxe6 Nc6 31. Nxc6 Bxc6 32. e7 Bxe7 33.
Nxe7+ 1-0

[Event "Tradewise Gibraltar 2012 - Challenger B"]
[Site "Gibraltar ENG"]
[Date "2012.01.30"]
[Round "3.11"]
[White "Dasaolu, Adeoye"]
[Black "Norman, Kenneth I"]
[Result "0-1"]
[WhiteElo "2107"]
[BlackElo "2174"]
[PlyCount "98"]
[EventDate "2012.01.28"]
[EventType "swiss"]
[EventRounds "5"]
[EventCountry "ENG"]
[Source "lmi"]
[SourceDate "2012.01.28"]

1. e4 e5 2. Nf3 Nc6 3. Bc4 Bc5 4. d3 Nf6 5. Bg5 d6 6. Nbd2 h6 7. Bh4 a6 8. a4
O-O 9. c3 Ba7 10. h3 Be6 11. O-O Qe7 12. Re1 Bxc4 13. Nxc4 Qe6 14. Ne3 Bxe3 15.
Rxe3 Ne7 16. d4 Ng6 17. Bg3 Rfe8 18. d5 Qd7 19. Nh4 Ne7 20. c4 g5 21. Qf3 gxh4
22. Bxh4 Nh7 23. Qh5 Kg7 24. Bxe7 Qxe7 25. Rg3+ Kh8 26. Qxh6 Rg8 27. Rb3 b6 28.
a5 bxa5 29. Rxa5 Qg5 30. Qxg5 Nxg5 31. Rb7 Nxh3+ 32. Kf1 Nf4 33. g3 Nd3 34.
Rxc7 Kg7 35. Ke2 Nxb2 36. Ra2 Rgb8 37. Kd2 Rb4 38. Kc3 Rab8 39. f4 Na4+ 40. Kd2
Rh8 41. Rc2 Nc5 42. fxe5 Rh2+ 43. Ke3 Rb3+ 44. Kf4 Rxc2 45. exd6 Rxc4 46. Kg4
Rxe4+ 47. Kh3 Rb8 48. Rxc5 Rd8 49. Rc6 Rd4 0-1

[Event "Tradewise Gibraltar 2012 - Challenger B"]
[Site "Gibraltar ENG"]
[Date "2012.01.30"]
[Round "3.12"]
[White "Salomon, Johan"]
[Black "Vanparys, Philip"]
[Result "0-1"]
[WhiteElo "2002"]
[BlackElo "2174"]
[PlyCount "64"]
[EventDate "2012.01.28"]
[EventType "swiss"]
[EventRounds "5"]
[EventCountry "ENG"]
[Source "lmi"]
[SourceDate "2012.01.28"]

1. e4 d6 2. d4 Nf6 3. Nc3 g6 4. Nf3 Bg7 5. Be2 O-O 6. O-O Bg4 7. Be3 Nc6 8. Qd2
d5 9. exd5 Nb4 10. Rfd1 Nbxd5 11. Nxd5 Qxd5 12. Bh6 c6 13. Bxg7 Kxg7 14. h3 Bf5
15. Bd3 Bxh3 16. Re1 Bg4 17. Ne5 Qxd4 18. Nxg4 Nxg4 19. Rxe7 Qd6 20. Rae1 Rae8
21. Qg5 Qh2+ 22. Kf1 Qh1+ 23. Ke2 Qxg2 24. Kd2 Qxf2+ 25. R1e2 Qf6 26. Qxf6+
Nxf6 27. Rxb7 a5 28. Rg2 Nd5 29. Rg4 Re5 30. c3 Rd8 31. a4 g5 32. Kc2 Ne3+ 0-1

[Event "Tradewise Gibraltar 2012 - Challenger B"]
[Site "Gibraltar ENG"]
[Date "2012.01.30"]
[Round "3.13"]
[White "Daoudi, Kamal"]
[Black "Dimitrijevic, Dragan"]
[Result "1/2-1/2"]
[WhiteElo "2165"]
[BlackElo "1937"]
[PlyCount "104"]
[EventDate "2012.01.28"]
[EventType "swiss"]
[EventRounds "5"]
[EventCountry "ENG"]
[Source "lmi"]
[SourceDate "2012.01.28"]

1. e4 c5 2. Nf3 e6 3. d4 cxd4 4. Nxd4 Nf6 5. Nc3 d6 6. Be3 Be7 7. g4 a6 8. g5
Nfd7 9. h4 b5 10. Rg1 Bb7 11. h5 b4 12. g6 hxg6 13. hxg6 bxc3 14. gxf7+ Kxf7
15. Rxg7+ Ke8 16. Qg4 Nf8 17. bxc3 Nc6 18. Rb1 Ne5 19. Qg2 Qc7 20. Rb3 Nf7 21.
Rg8 Rxg8 22. Qxg8 Nd8 23. Bg2 Rb8 24. f3 Bc8 25. Kd2 Rxb3 26. axb3 Bf6 27. Qg3
Nf7 28. Bf1 e5 29. Ne2 Qa5 30. Nc1 Be6 31. Nd3 Qc7 32. Nb4 Qd8 33. Bxa6 Bg5 34.
Qf2 Qb6 35. f4 Bxf4 36. Qxf4 Qxa6 37. Qxf7+ Bxf7 38. Nxa6 Kd7 39. c4 Ne6 40. c5
Bg6 41. cxd6 Bxe4 42. Nc5+ Nxc5 43. Bxc5 Bf5 44. Ba3 Kc6 45. c4 Bg6 46. Ke3 Bc2
47. c5 Bxb3 48. Ke4 Kd7 49. Kxe5 Ba4 50. Bb4 Bb5 51. Kf6 Ba4 52. Ke5 Bb5
1/2-1/2

[Event "Tradewise Gibraltar 2012 - Challenger B"]
[Site "Gibraltar ENG"]
[Date "2012.01.30"]
[Round "3.14"]
[White "Wihlborn, Bengt"]
[Black "Erdelyi, Tamas Dr"]
[Result "1-0"]
[WhiteElo "1866"]
[BlackElo "2157"]
[PlyCount "61"]
[EventDate "2012.01.28"]
[EventType "swiss"]
[EventRounds "5"]
[EventCountry "ENG"]
[Source "lmi"]
[SourceDate "2012.01.28"]

1. Nf3 c5 2. c4 b6 3. g3 Bb7 4. Bg2 Nf6 5. d4 cxd4 6. Qxd4 d6 7. Nc3 a6 8. O-O
Nbd7 9. Bg5 e6 10. Rac1 Qc7 11. Rfd1 Be7 12. b3 O-O 13. h3 Rad8 14. Ne1 Bxg2
15. Nxg2 Qb7 16. Qh4 h6 17. Bxf6 Nxf6 18. Ne3 Rc8 19. a4 Rc7 20. Rd3 Rfc8 21.
Rcd1 Kf8 22. Ng2 d5 23. Ne3 Ne4 24. Qg4 Nc5 25. Ncxd5 exd5 26. Rxd5 Ne6 27. Nf5
Re8 28. h4 Qb8 29. Qh5 Qc8 30. Nxh6 gxh6 31. Qxh6+ 1-0

[Event "Tradewise Gibraltar 2012 - Challenger B"]
[Site "Gibraltar ENG"]
[Date "2012.01.30"]
[Round "3.15"]
[White "Lind, Jan-Olov"]
[Black "Nwachukwu, Chino"]
[Result "1/2-1/2"]
[WhiteElo "2219"]
[BlackElo "1926"]
[PlyCount "188"]
[EventDate "2012.01.28"]
[EventType "swiss"]
[EventRounds "5"]
[EventCountry "ENG"]
[Source "lmi"]
[SourceDate "2012.01.28"]

1. e4 c5 2. Nf3 d6 3. d4 cxd4 4. Nxd4 Nf6 5. Nc3 a6 6. Bg5 e6 7. Qf3 Be7 8.
O-O-O Qc7 9. Rg1 Nbd7 10. g4 b5 11. Bxf6 Nxf6 12. g5 Nd7 13. Nf5 exf5 14. exf5
Bb7 15. Qe2 Ne5 16. f4 Bf3 17. Qe3 Bxd1 18. fxe5 dxe5 19. Nxd1 Rc8 20. Rg2 Bc5
21. Qe4 O-O 22. f6 Rfd8 23. fxg7 Qc6 24. Qxe5 Bd4 25. Qf5 Bxg7 26. Rf2 Qd5 27.
Qxd5 Rxd5 28. Ne3 Rxg5 29. Nf5 Bf8 30. Bd3 Re8 31. h4 Bc5 32. Nh6+ Kh8 33.
Nxf7+ Kg7 34. Nxg5 Bxf2 35. Nxh7 Bxh4 36. a4 Rb8 37. axb5 axb5 38. c3 Kf7 39.
Kd2 Ke6 40. Ke2 Kd5 41. Kf3 Kc5 42. Kg4 Be7 43. Kf5 Rd8 44. b4+ Kb6 45. Ke4 Rc8
46. Kd4 Bh4 47. c4 Bf2+ 48. Kc3 Be1+ 49. Kb3 bxc4+ 50. Bxc4 Bh4 51. Bd3 Be7 52.
Be4 Rb8 53. Kc4 Rg8 54. Kd5 Rg4 55. Bf5 Rxb4 56. Ke6 Bh4 57. Nf8 Rb2 58. Nd7+
Kc7 59. Nc5 Rb6+ 60. Kd5 Be7 61. Ne6+ Kb7 62. Be4 Rd6+ 63. Ke5+ Kb6 64. Nf4 Kc5
65. Ne6+ Kc4 66. Nf4 Rd2 67. Bd5+ Kb5 68. Ne6 Bc5 69. Nc7+ Kb6 70. Ne6 Re2+ 71.
Be4 Be3 72. Bd5 Bc5+ 73. Be4 Kb5 74. Kd5 Rd2+ 75. Ke5 Bd6+ 76. Kf5 Rf2+ 77. Kg4
Kc4 78. Bf5 Be5 79. Be4 Rf1 80. Bc6 Kc3 81. Bf3 Kd2 82. Be4 Ke3 83. Bd5 Re1 84.
Bb3 Rb1 85. Bd5 Bd6 86. Kf5 Rb5 87. Ng7 Rxd5+ 88. Ke6 Rd1 89. Nf5+ Kf4 90. Nxd6
Re1+ 91. Kd5 Kg5 92. Ne4+ Kf5 93. Nd6+ Kf6 94. Ne4+ Ke7 1/2-1/2

[Event "Tradewise Gibraltar 2012 - Challenger B"]
[Site "Gibraltar ENG"]
[Date "2012.01.30"]
[Round "3.17"]
[White "Gautier, Joel"]
[Black "Rowe, Duane"]
[Result "0-1"]
[WhiteElo "1930"]
[BlackElo "2236"]
[PlyCount "86"]
[EventDate "2012.01.28"]
[EventType "swiss"]
[EventRounds "5"]
[EventCountry "ENG"]
[Source "lmi"]
[SourceDate "2012.01.28"]

1. e4 c5 2. d3 g6 3. Nf3 Bg7 4. g3 Nc6 5. Bg2 Nf6 6. O-O O-O 7. Be3 Ng4 8. Bc1
d6 9. c3 Nge5 10. Qc2 Nxf3+ 11. Bxf3 Bh3 12. Bg2 Bxg2 13. Kxg2 Qd7 14. f4 f5
15. Be3 e5 16. Nd2 Rae8 17. Rae1 Kh8 18. fxe5 Nxe5 19. d4 Ng4 20. Bg1 b6 21. h3
Nh6 22. Qd3 Qb7 23. Kh2 Re7 24. Re2 Rfe8 25. Rfe1 c4 26. Nxc4 fxe4 27. Rxe4
Rxe4 28. Nxd6 Rxe1 29. Nxb7 R8e2+ 30. Kh1 Rxb2 31. Qf3 Rbb1 32. Qg2 Rxg1+ 33.
Qxg1 Rxg1+ 34. Kxg1 Nf7 35. Kf2 Kg8 36. Ke3 Kf8 37. Kd3 Ke7 38. Kc4 a6 39. Kd5
Kd7 40. h4 Bf8 41. c4 Kc7 42. Ke6 Nh6 43. d5 Kxb7 0-1

[Event "Tradewise Gibraltar 2012 - Challenger B"]
[Site "Gibraltar ENG"]
[Date "2012.01.30"]
[Round "3.19"]
[White "Samu, Sorin-Mihai"]
[Black "Jablon, Stephen"]
[Result "1/2-1/2"]
[WhiteElo "2156"]
[BlackElo "1931"]
[PlyCount "112"]
[EventDate "2012.01.28"]
[EventType "swiss"]
[EventRounds "5"]
[EventCountry "ENG"]
[Source "lmi"]
[SourceDate "2012.01.28"]

1. e4 e5 2. Nf3 Nf6 3. d4 Nxe4 4. Nxe5 d5 5. Be3 Bd6 6. f3 Nf6 7. Nc3 O-O 8.
Kf2 Re8 9. Nd3 Nh5 10. Qd2 Qh4+ 11. Kg1 c6 12. Re1 Bf5 13. Bf2 Qd8 14. Rxe8+
Qxe8 15. g4 Bxd3 16. cxd3 Bf4 17. Qe2 Qd8 18. gxh5 Qg5+ 19. Bg3 Nd7 20. Kf2 Nf6
21. Bxf4 Qxf4 22. Kg1 Re8 23. Qf2 Nxh5 24. Ne2 Qg5+ 25. Ng3 f5 26. f4 Nxf4 27.
h4 Qg4 28. h5 Re6 29. Rh2 Rh6 30. b4 Nxh5 31. Rxh5 Rxh5 32. Be2 Qg5 33. Bxh5 f4
34. Be8 Kf8 35. Bd7 Ke7 36. Bc8 Kd8 37. Bxb7 Kc7 38. Ba6 h5 39. Qe1 Qxg3+ 40.
Qxg3 fxg3 41. a4 h4 42. Kg2 g5 43. Kf3 Kb6 44. Bc8 a5 45. bxa5+ Kxa5 46. Bd7
Kxa4 47. Bxc6+ Kb4 48. Bxd5 Kc3 49. Ke3 h3 50. Bf3 g2 51. Kf2 Kxd4 52. Be4 g4
53. Bf5 g3+ 54. Kg1 Ke3 55. Bg4 Kxd3 56. Be2+ Kxe2 1/2-1/2

[Event "Tradewise Gibraltar 2012 - Challenger B"]
[Site "Gibraltar ENG"]
[Date "2012.01.30"]
[Round "3.20"]
[White "Dennis, Nigel W"]
[Black "Wiedersich, Jens"]
[Result "0-1"]
[WhiteElo "1923"]
[BlackElo "2139"]
[PlyCount "74"]
[EventDate "2012.01.28"]
[EventType "swiss"]
[EventRounds "5"]
[EventCountry "ENG"]
[Source "lmi"]
[SourceDate "2012.01.28"]

1. e4 c5 2. Nf3 d6 3. d4 cxd4 4. Nxd4 Nf6 5. Nc3 g6 6. Be2 Bg7 7. Be3 Nc6 8.
O-O Bd7 9. Nb3 O-O 10. f4 a6 11. Bf3 Rc8 12. Qe2 Na5 13. Rad1 Nxb3 14. axb3 Qc7
15. Rd2 Bc6 16. Nd5 Nxd5 17. exd5 Bd7 18. c4 Rfe8 19. Qf2 Qa5 20. Bd4 Qb4 21.
Bxg7 Kxg7 22. Qd4+ Kg8 23. Qc3 Qxc3 24. bxc3 b5 25. Be2 bxc4 26. Bxc4 a5 27.
Rc1 a4 28. Be2 axb3 29. Bd1 Rc4 30. Bxb3 Rxf4 31. Ra2 Re4 32. Rca1 Re3 33. Ra8
Rxc3 34. Rxe8+ Bxe8 35. Ra8 Rxb3 36. Rxe8+ Kg7 37. Rxe7 Rd3 0-1

[Event "Tradewise Gibraltar 2012 - Challenger B"]
[Site "Gibraltar ENG"]
[Date "2012.01.30"]
[Round "3.21"]
[White "Gieritz, Dietmar"]
[Black "Knudsen, Jes West"]
[Result "1-0"]
[WhiteElo "2134"]
[BlackElo "1892"]
[PlyCount "41"]
[EventDate "2012.01.28"]
[EventType "swiss"]
[EventRounds "5"]
[EventCountry "ENG"]
[Source "lmi"]
[SourceDate "2012.01.28"]

1. Nf3 f5 2. e4 fxe4 3. Ng5 Nf6 4. d3 d5 5. dxe4 Qd6 6. exd5 Nxd5 7. Bd3 Qe5+
8. Be4 Nf6 9. f4 Qc5 10. Nc3 Bg4 11. Bf3 Bc8 12. Qd3 Nc6 13. Be3 Qf5 14. Qc4
Nd8 15. O-O-O c6 16. Bxc6+ bxc6 17. Rxd8+ Kxd8 18. Qxc6 Ng4 19. Nf7+ Qxf7 20.
Rd1+ Bd7 21. Qxd7# 1-0

[Event "Tradewise Gibraltar 2012 - Challenger B"]
[Site "Gibraltar ENG"]
[Date "2012.01.30"]
[Round "3.22"]
[White "Osuna Vega, Enrique"]
[Black "Annetts, Ivor S"]
[Result "1-0"]
[WhiteElo "2122"]
[BlackElo "1895"]
[PlyCount "73"]
[EventDate "2012.01.28"]
[EventType "swiss"]
[EventRounds "5"]
[EventCountry "ENG"]
[Source "lmi"]
[SourceDate "2012.01.28"]

1. e4 d6 2. d4 Nf6 3. Nc3 g6 4. Be3 c6 5. Qd2 b5 6. Bd3 Nbd7 7. a4 b4 8. Nce2
a5 9. Nf3 e5 10. c3 c5 11. dxe5 dxe5 12. Rd1 Qe7 13. Bg5 Bg7 14. Bb5 Ra7 15.
Ng3 O-O 16. O-O Ba6 17. Qd3 Bxb5 18. Qxb5 h6 19. Bxf6 Nxf6 20. cxb4 cxb4 21.
Nxe5 Qb7 22. Qxb7 Rxb7 23. Nc4 Ra8 24. b3 Ne8 25. Rd5 Rba7 26. Rfd1 Nc7 27.
Rd8+ Rxd8 28. Rxd8+ Bf8 29. Rd7 Kg7 30. Nxa5 Rxa5 31. Rxc7 Bd6 32. Rc4 Kf6 33.
Ne2 Ra8 34. f4 Ke6 35. Nd4+ Kd7 36. e5 Be7 37. Kf2 1-0

[Event "Tradewise Gibraltar 2012 - Challenger B"]
[Site "Gibraltar ENG"]
[Date "2012.01.30"]
[Round "3.23"]
[White "Hadrych, Craig"]
[Black "Mihajlov, Svetoslav"]
[Result "0-1"]
[WhiteElo "1821"]
[BlackElo "2101"]
[PlyCount "50"]
[EventDate "2012.01.28"]
[EventType "swiss"]
[EventRounds "5"]
[EventCountry "ENG"]
[Source "lmi"]
[SourceDate "2012.01.28"]

1. c4 e5 2. g3 Nf6 3. Bg2 d5 4. cxd5 Nxd5 5. Nc3 Nb6 6. Nf3 Nc6 7. O-O Be7 8.
b3 O-O 9. Bb2 f5 10. d3 Be6 11. Rc1 Qd7 12. Nb5 Bf6 13. Ba1 a6 14. Nc3 Rad8 15.
Qc2 Nd4 16. Nxd4 exd4 17. Nb1 c6 18. Nd2 Be7 19. Nc4 Nxc4 20. bxc4 c5 21. Rb1
b5 22. Bb2 Rb8 23. Bc1 bxc4 24. Rxb8 Rxb8 25. dxc4 Rb4 0-1

[Event "Tradewise Gibraltar 2012 - Challenger B"]
[Site "Gibraltar ENG"]
[Date "2012.01.30"]
[Round "3.24"]
[White "Uran Bermudez, Oliver Kevin"]
[Black "Andersen, Daniel"]
[Result "1-0"]
[WhiteElo "2099"]
[BlackElo "1884"]
[PlyCount "32"]
[EventDate "2012.01.28"]
[EventType "swiss"]
[EventRounds "5"]
[EventCountry "ENG"]
[Source "lmi"]
[SourceDate "2012.01.28"]

1. e4 e6 2. d4 d5 3. Nd2 c5 4. exd5 Qxd5 5. Ngf3 cxd4 6. Bc4 Qd6 7. O-O Nf6 8.
Nb3 Nc6 9. Nfxd4 Nxd4 10. Nxd4 Bd7 11. Re1 O-O-O 12. Be3 Qc7 13. Qe2 Ng4 14.
Qxg4 Qxc4 15. Qh5 f6 16. Qa5 b6 1-0